| 000 | 00385pab a2200145 454500 | ||
|---|---|---|---|
| 008 | 180718b2001 xxu||||| |||| 00| 0 eng d | ||
| 100 | _aApte, Prakash G. | ||
| 245 | _aThe dynamics of short-term interest rates an econometric analysis | ||
| 260 | _c2001 | ||
| 300 | _ap.341-57. | ||
| 362 | _aJul-Dec | ||
| 650 | _aInterest rates | ||
| 773 | _aIndian Economic Review | ||
| 909 | _a56713 | ||
| 999 |
_c56713 _d56713 |
||